000
00334 a2200121 4500
001
ART_19316
005
20260410161705.0
008
260409a
245
1
0
_a
Correcciones simétricas:
100
1
_a
ODonnell, Agustina
700
1
_a
Torassa, Marcos R.
773
0
_t
Revista Impuestos
_g
- NÂș 7 (abr. 2009)
_w
REV639
999
_c
15515
_d
15515